| 000 | 00433nam a22001577a 4500 | ||
|---|---|---|---|
| 003 | OSt | ||
| 005 | 20260402072034.0 | ||
| 008 | 260401b |||||||| |||| 00| 0 eng d | ||
| 020 |
_a9789914529302 _cAvailable |
||
| 040 | _cKICD | ||
| 050 |
_aPL 8701 .K53 2025 _b1035 |
||
| 245 |
_aMTAALA YA DARAJA YA JUU YA SHULE ZA UPILI _bG10 KISWAHILI LUGHA _cKICD |
||
| 250 | _a1ST ED | ||
| 260 |
_aNAIROBI, KENYA _bKICD _c2025 |
||
| 942 |
_2lcc _cBK _n0 |
||
| 999 |
_c10014 _d10014 |
||